Kontrola poskytovania a čerpania dotácií

Neodmysliteľnou súčasťou procesu posykovania dotácií, a to od doručenia žiadosti o poskytnutie dotácie až po zúčtovanie poskytnutej dotácie, je finančná kontrola podľa zákona č. 357/2015 Z. z. o finančnej kontrole a audite a o zmene a doplnení niektorých zákonov.

Salvato in:
Dettagli Bibliografici
Autore principale: Hospodárová, Oxana
Natura: Capitolo di libro
Lingua:slovacco
Soggetti:
Tags: Aggiungi Tag
Nessun Tag, puoi essere il primo ad aggiungerne!!

MARC

LEADER 00000naa a2200000 4500
001 0243048
005 20221104112850.8
041 0 |a slo 
044 |a SK 
245 1 0 |a Kontrola poskytovania a čerpania dotácií  |c Oxana Hospodárová 
520 |a Neodmysliteľnou súčasťou procesu posykovania dotácií, a to od doručenia žiadosti o poskytnutie dotácie až po zúčtovanie poskytnutej dotácie, je finančná kontrola podľa zákona č. 357/2015 Z. z. o finančnej kontrole a audite a o zmene a doplnení niektorých zákonov. 
610 2 0 |a obce 
610 2 0 |a kontrola 
610 2 0 |a dotácie 
610 2 0 |a kontrola finančná 
610 2 0 |a kontrola administratívna 
610 2 0 |a vyššie územné celky 
100 1 |a Hospodárová, Oxana